Mediální právo /

Hlavní autor: Rozehnal, Aleš, 1970-
Jazyk: Čeština
Vydáno: Plzeň : Aleš Čeněk, 2004
Edice: Právnické učebnice (Aleš Čeněk)
Témata:
Externí odkaz: Digitalizovaný dokument
Fyzický popis: 295 s. : 21 cm
Knihy
Uloženo v:
LEADER 01674nam a2200421 a 4500
001 000744484
003 CZ BrMZK
005 20071121132730.0
007 ta
008 041019s2004 xr erp 001 0 cze d
015 |a cnb001414145 
020 |a 80-86473-79-1  |q (brož.) 
035 |a (OCoLC)85117462 
040 |a BOA001  |b cze 
043 |a e-xr--- 
072 7 |a 34  |x Právo  |2 Konspekt  |9 16 
072 7 |a 37.016  |x Učební osnovy. Vyučovací předměty. Učebnice  |2 Konspekt  |9 22 
080 |a 659.3  |2 MRF 
080 |a 34:316.774  |2 MRF 
080 |a (437.3)  |2 MRF 
080 |a (075)  |2 MRF 
100 1 |a Rozehnal, Aleš,  |d 1970-  |7 jn19990216157  |4 aut 
245 1 0 |a Mediální právo /  |c Aleš Rozehnal 
260 |a Plzeň :  |b Aleš Čeněk,  |c 2004 
300 |a 295 s. :  |c 21 cm 
490 1 |a Právnické učebnice 
504 |a Obsahuje bibliografii, bibliografické odkazy a rejstřík 
500 |a Dostupné též v digitální podobě v aplikaci Kramerius 
650 0 7 |a masmédia  |7 ph115233  |2 czenas 
650 0 7 |a mediální právo  |7 ph210143  |z Česko  |2 czenas 
655 7 |a učebnice  |7 fd133770  |2 czenas 
830 0 |a Právnické učebnice (Aleš Čeněk)  |0 s 
856 4 1 |u http://www.digitalniknihovna.cz/mzk/uuid/uuid:373e9690-fa5d-11e6-8830-005056827e51  |y Digitalizovaný dokument  |x NDK 
910 |a BOA001  |b 2-1141.281 
990 |a BK 
996 6 |b 2610230528  |c 2-1141.281  |l MZK  |r Sklad / do 1 hodiny  |n 1  |p p.v.  |w 000744484  |u 000010  |a 1  |e BOA001  |j MZK50  |s P 
996 7 |b 2610232929  |c 2-1141.281  |l MZK  |r Sklad / do 1 hodiny  |n 20  |p kup  |w 000744484  |u 000020  |a 1  |e BOA001  |j MZK50  |s A 
996 7 |b 2610232930  |c 2-1141.281  |l MZK  |r Sklad / do 1 hodiny  |n 25  |p kup  |w 000744484  |u 000030  |a 1  |e BOA001  |j MZK50  |s A